banner koha

Anuario estatistico do Rio Grande do Sul - 1981. Estatisticas gerais, estatisticas sociais, estatisticas economicas (Registro n. 275396)

MARC details
000 -LÍDER
campo de controle de tamanho fixo 01220nac a22003857a 4500
001 - NÚMERO DE CONTROLE
campo de controle BR8207015
003 - IDENTIFICADOR DO NÚMERO DE CONTROLE
campo de controle BR-BrBNA
005 - DATA E HORÁRIO DA ÚLTIMA TRANSAÇÃO
campo de controle 20240105115557.0
008 - CAMPO DE DADOS FIXOS--INFORMAÇÃO GERAL
campo de controle de tamanho fixo 230509b bl.|||m| |||| 00| 0 por d
040 ## - FONTE DA CATALOGAÇÃO
Instituição da catalogação original BR-BrBNA
Idioma da catalogação por
Instituição que transcreveu o registro Biblioteca Nacional de Agricultura
072 ## - CÓDIGO DE CATEGORIA DE ASSUNTO
Código de Categoria de Assunto F01; L01; E50
090 ## - NÚMERO DE CHAMADA LOCAL
Número de chamada F01 BR8207015
100 1# - ENTRADA PRINCIPAL--NOME PESSOAL
Nome pessoal Ludwig, M.B.
100 1# - ENTRADA PRINCIPAL--NOME PESSOAL
Nome pessoal Ferreira, E.M.M.
100 1# - ENTRADA PRINCIPAL--NOME PESSOAL
Nome pessoal Angheben, E.K.M.
100 1# - ENTRADA PRINCIPAL--NOME PESSOAL
Nome pessoal Santos, F. de A.C. dos
100 1# - ENTRADA PRINCIPAL--NOME PESSOAL
Nome pessoal Silva, M.B. de M.
100 1# - ENTRADA PRINCIPAL--NOME PESSOAL
Nome pessoal Baratojo, S.C.
100 1# - ENTRADA PRINCIPAL--NOME PESSOAL
Nome pessoal Gauer, V.M.M. (ed.)
110 1# - ENTRADA PRINCIPAL--NOME CORPORATIVO
Nome corporativo ou nome da jurisdição Fundacao de Economia e Estatistica, Porto Alegre, RS (Brasil)
9 (RLIN) 4853
245 1# - TÍTULO
Título Anuario estatistico do Rio Grande do Sul - 1981. Estatisticas gerais, estatisticas sociais, estatisticas economicas
260 3# - PUBLICAÇÃO, DISTRIBUIÇÃO, ETC.
Local de publicação, distribuição, etc. Porto Alegre, RS (Brasil):
Data da publicação, distribuição, etc. 1982.
300 ## - DESCRIÇÃO FÍSICA
Extensão 720 p.
490 ## - TÍTULO DA SÉRIE
Título da série Anuario Estatistico do Rio Grande do Sul (Brazil)
Número do volume ou designação sequencial da série v. 14
ISSN - International Standard Serial Number
500 ## - NOTA GERAL
Nota geral Numerical data
650 ## - ASSUNTO--TERMO TÓPICO
Cabeçalho tópico ou nome geográfico SAUDE
650 ## - ASSUNTO--TERMO TÓPICO
Cabeçalho tópico ou nome geográfico EDUCACAO
650 ## - ASSUNTO--TERMO TÓPICO
Cabeçalho tópico ou nome geográfico DEMOGRAFIA
650 ## - ASSUNTO--TERMO TÓPICO
Cabeçalho tópico ou nome geográfico PRODUCAO VEGETAL
650 ## - ASSUNTO--TERMO TÓPICO
Cabeçalho tópico ou nome geográfico PRODUCAO ANIMAL
650 ## - ASSUNTO--TERMO TÓPICO
Cabeçalho tópico ou nome geográfico ARMAZENAGEM
650 ## - ASSUNTO--TERMO TÓPICO
Cabeçalho tópico ou nome geográfico RIO GRANDE DO SUL
909 ## -
-- 202312
-- Lúcia Elande
-- 55
-- Lúcia Elande
942 ## - ELEMENTOS DE ENTRADA ADICIONADOS (KOHA)
Fonte da classificação ou esquema de arquivamento na estante Classificação AGRIS
Ocultar no OPAC Não
Tipo de material Koha Monografia Seriada
Exemplares
Situação do descarte Fonte da classificação ou esquema de arquivamento na estante Situação física Não pode ser emprestado Coleção Biblioteca de origem Biblioteca atual Localização na estante Total de empréstimos Número de telefone completo Código de barras Data de último acesso Tipo de material Koha Fonte de aquisição
  Classificação AGRIS       Biblioteca Nacional de Agricultura - Binagri Biblioteca Nacional de Agricultura - Binagri Agrobase - Acervo Geral   F01 BR8207015 F01 BR8207015 18/12/2023 Monografia Seriada Portaria Interministerial nº 164/94

BINAGRI

Telefone: (61)3218-2567/2388/3357/2097 - binagri@agro.gov.br

Ministério da Agricultura e Pecuária , Esplanada dos Ministérios, Bloco D, Anexo B, Brasília/DF, CEP: 70.043-900